01146nam a22003017a 45000010008000000030004000080050017000120070014000290070014000430080041000570100017000980250015001150400018001300420010001480430012001580500030001700820019002001000033002192450068002522600055003203000026003755000039004015000036004405040051004765330232005276510021007598300064007804013254ASL20231015025622.0hduafb---bacphdubfb---baap170705s1934 xxk ab 001 0 eng | a 96907310  aNBIL-07319 aDLCcASLdASL alcode aa-ii---00aMicrofilm BUL-ENG-064 (B) a204.40959bMAL1 aMacnicol, Nicol,d1870-1952.14aThe Living Religions of the Indian People/ cby Nicol Macnicol. aLondon :bStudent Christian Movement Press,c1934. a323, [1] p. ;c22 cm. a"Wilde lectures, Oxford, 1932-34." aMaster microform held by: ICRL. aIncludes bibliographical references and index. aMicrofilm.bNew Delhi :cLibrary of Congress Office ;bChicago :cAvailable from Center for Research Libraries,d1995.eOn 1 microfilm reel with other items ; 35 mm.f(SAMP early 20th-century Indian books project ; item 07319). 0aIndiaxReligion. 0aSAMP early 20th-century Indian books project ;vitem 07319.